000 00485nam a2200181Ia 4500
003 GCL
008 140319s9999 xx 000 0 eng d
040 _aGCL /
_cGCL
082 0 4 _a944.08
_bN S
100 1 _aNAY, CATHERINE
245 1 0 _aHES SEPT MITTERRAND : OU LES METAMORPHOSES D'UN SEPTENNAT /
_cNAY, CATHERINE
260 _a[S.N] :
_bGARSSET ،
_c1988
300 _a285
650 0 4 _aMITTERAND, FRANCOIS
650 0 4 _aFRANCE - HISTORY
650 0 4 _aHISTORY
942 _2ddc
_cBK
999 _c10264
_d10264